[Event "GRE-ch U16"]
[Site "Niforeika"]
[Date "2000.04.22"]
[Round "1.2"]
[White "Kotrotsos, Vasilios"]
[Black "Savidis, Tasos"]
[Result "0-1"]
[WhiteElo "2020"]
[BlackElo "1660"]
[PlyCount "42"]
[EventDate "2000.??.??"]
[EventType "swiss"]
[EventRounds "7"]
[EventCountry "GRE"]
[SourceTitle "EXT 2004"]
[Source "ChessBase"]
[SourceDate "2003.11.25"]
[SourceVersion "1"]
[SourceVersionDate "2003.11.25"]
[SourceQuality "1"]

1. d4 d5 2. c4 Nc6 3. cxd5 Qxd5 4. e3 e5 5. Nc3 Bb4 6. Bd2 Bxc3 7. Bxc3 exd4 8. Ne2 Nf6 9. Nxd4 0-0 10. Nb5 Qg5 11. h4 Qg6 12. h5 Qg5 13. h6 Bg4 14. Qa4 a6 15. hxg7 Rfe8 16. Bxf6 Rxe3+ 17. Kd2 Re2+ 18. Kc3 Qxf6+ 19. Nd4 b5 20. Qd1 Re4 21. Qd3 b4+ 0-1